000 nam a22 a 4500
999 _c1817
_d1817
005 20170512095425.0
008 170512b18851985enk||||| |||| 00| 0 eng d
020 _a0421230908
_c£45.00
040 _aAKMAL
082 0 4 _a340.03 BUR
090 _a340.03
_bBUR
100 1 _aJowitt, William Allen Jowitt,
_d1885-1957.
_93755
245 1 0 _aJowitt's dictionary of English law
_cby the late Earl Jowitt and Clifford Walsh.
250 _a2nd ed
_b[edited] by John Burke.
260 _aLondon :
_bSweet and Maxwell
_c1977-1985.
300 _a2 v. ([11], 1935 p.) ;
_c26cm
_eSupplements
500 _aPrevious ed.: published as 'The dictionary of English law'. 1959.
504 _a Bibliography: p. 1923-1935.
599 _aDALAM PROSES
650 0 _aLaw
_xDictionaries.
_zEngland
_9351
700 1 _aWalsh, Clifford.
_93756
700 1 _aBurke, John McDonald.
_93757
852 4 1 _aBritish Library
_bHMNTS
942 _2ddc
_cBOOK